Normal view
MARC view
Entry Topical Term
001 - CONTROL NUMBER
- control field: 35083
003 - CONTROL NUMBER IDENTIFIER
- control field: OSt
005 - DATE AND TIME OF LATEST TRANSACTION
- control field: 20230127121408.0
008 - FIXED-LENGTH DATA ELEMENTS
- fixed length control field: 230127|| aca||aabn | a|a d
040 ## - CATALOGING SOURCE
- Original cataloging agency: OSt
- Transcribing agency: OSt
150 ## - HEADING--TOPICAL TERM
- Topical term or geographic name entry element: Caste, Administrative categories, Materiality, Politicization of caste, FPTP.
670 ## - SOURCE DATA FOUND
- Source citation: Work cat.: (OSt): Juneja,Abhishek and Mahmood,Amir 35082, Construction of caste as an administrative episteme — a case of neglected materiality
